[Event "Gatineau op"]
[Site "Gatineau CAN"]
[Date "2013.03.03"]
[Round "4"]
[White "Gagnon, Serge"]
[Black "Valdizon, Armando"]
[Result "0-1"]
[WhiteElo "2010"]
[BlackElo "2225"]
[PlyCount "42"]
[GameId "2160767909381489"]
[EventDate "2013.03.01"]
[EventType "swiss"]
[EventRounds "5"]
[EventCountry "CAN"]
[SourceTitle "EXT 2022"]
[Source "ChessBase"]
[SourceDate "2021.10.06"]
[SourceVersion "1"]
[SourceVersionDate "2021.10.06"]
[SourceQuality "1"]

1. d4 f5 2. c4 Nf6 3. Nc3 e6 4. Nf3 d5 5. Bf4 c6 6. Qc2 Be7 7. e3 O-O 8. Bd3 Bd7 9. h3 Ne4 10. O-O-O Nxc3 11. Qxc3 dxc4 12. Bxc4 b5 13. Bd3 Na6 14. Ne5 Nb4 15. Qb3 a5 16. Kb1 a4 17. Qc3 a3 18. bxa3 Nd5 19. Qe1 Rxa3 20. Kb2 Bb4 21. Qf1 Rxa2+ 0-1

[Event "Gatineau op"]
[Site "Gatineau CAN"]
[Date "2013.03.03"]
[Round "4"]
[White "Guimond, Michel"]
[Black "Donev, Danail"]
[Result "1-0"]
[WhiteElo "1941"]
[BlackElo "2070"]
[PlyCount "99"]
[GameId "2160767909381490"]
[EventDate "2013.03.01"]
[EventType "swiss"]
[EventRounds "5"]
[EventCountry "CAN"]
[SourceTitle "EXT 2022"]
[Source "ChessBase"]
[SourceDate "2021.10.06"]
[SourceVersion "1"]
[SourceVersionDate "2021.10.06"]
[SourceQuality "1"]

1. e4 c5 2. Nf3 d6 3. d4 cxd4 4. Nxd4 Nf6 5. Nc3 a6 6. Bc4 e6 7. a4 Qc7 8. Bb3 Nbd7 9. Qe2 Nc5 10. a5 e5 11. Nf3 Nxb3 12. cxb3 Be6 13. Ra4 Bxb3 14. Rb4 Be6 15. Ng5 Bg4 16. Qc2 h6 17. Qb3 Rb8 18. f3 hxg5 19. fxg4 d5 20. exd5 Bxb4 21. Qxb4 Qd7 22. Bxg5 Qxg4 23. Qd6 Rd8 24. Qxe5+ Kf8 25. O-O Rh5 26. Qc7 Rc8 27. Qd6+ Kg8 28. Bxf6 gxf6 29. Qxf6 Qg6 30. Ne4 Rxd5 31. Qxg6+ fxg6 32. Nf6+ Kg7 33. Nxd5 Rc5 34. Nc3 Rxa5 35. g3 Re5 36. Kg2 Re7 37. h3 Rd7 38. Rd1 Rc7 39. g4 b5 40. Rd2 Rc6 41. g5 Kf7 42. Kg3 b4 43. Na4 b3 44. Nc3 Ke6 45. Rd8 a5 46. Rb8 Rc5 47. h4 Rc4 48. Rxb3 Rb4 49. Rxb4 axb4 50. Na2 1-0

[Event "Gatineau op"]
[Site "Gatineau CAN"]
[Date "2013.03.03"]
[Round "4"]
[White "Hambleton, Aman"]
[Black "Voloaca, Mihnea"]
[Result "1/2-1/2"]
[WhiteElo "2584"]
[BlackElo "2361"]
[PlyCount "80"]
[GameId "2160767909381491"]
[EventDate "2013.03.01"]
[EventType "swiss"]
[EventRounds "5"]
[EventCountry "CAN"]
[SourceTitle "EXT 2022"]
[Source "ChessBase"]
[SourceDate "2021.10.06"]
[SourceVersion "1"]
[SourceVersionDate "2021.10.06"]
[SourceQuality "1"]

1. d4 g6 2. c4 Bg7 3. e4 c5 4. d5 d6 5. Nc3 Nf6 6. h3 O-O 7. Nf3 a6 8. a4 e5 9. Bg5 h6 10. Be3 Ne8 11. Qd2 Kh7 12. g4 Nd7 13. Be2 Rb8 14. Qc2 Nc7 15. Nd2 Nf6 16. Rg1 Ng8 17. Nf1 Bf6 18. a5 Bg5 19. Na4 Na8 20. Qc3 b5 21. axb6 Nxb6 22. Bd1 Nxa4 23. Rxa4 Nf6 24. Bc2 a5 25. Bxg5 hxg5 26. Ne3 Rb4 27. Ra2 Kg7 28. Kf1 Bd7 29. Kg2 Qb6 30. Rga1 a4 31. f3 Rb8 32. Kg3 Qd8 33. Nd1 Qh8 34. Nf2 Qh6 35. Kg2 Qh4 36. Bd1 R4b6 37. Bc2 Ne8 38. Nd3 Nf6 39. Nf2 Ne8 40. Nd3 Nf6 1/2-1/2

[Event "Gatineau op"]
[Site "Gatineau CAN"]
[Date "2013.03.03"]
[Round "4"]
[White "Lavergne, Daniel"]
[Black "Libersan, Mattieu"]
[Result "1/2-1/2"]
[WhiteElo "1683"]
[BlackElo "1934"]
[PlyCount "77"]
[GameId "2160767909381493"]
[EventDate "2013.03.01"]
[EventType "swiss"]
[EventRounds "5"]
[EventCountry "CAN"]
[SourceTitle "EXT 2022"]
[Source "ChessBase"]
[SourceDate "2021.10.06"]
[SourceVersion "1"]
[SourceVersionDate "2021.10.06"]
[SourceQuality "1"]

1. e4 c5 2. Nf3 Nc6 3. d4 cxd4 4. Nxd4 Nf6 5. Nc3 e5 6. Ndb5 d6 7. Bg5 a6 8. Na3 b5 9. Bxf6 gxf6 10. Nd5 Be6 11. c3 Bg7 12. Bd3 f5 13. Qh5 Bxd5 14. exd5 e4 15. dxc6 exd3 16. O-O O-O 17. Qxf5 Rc8 18. Qxd3 Rxc6 19. Rfe1 Qg5 20. Re3 Be5 21. Rh3 h6 22. Nc2 d5 23. Ne3 Rg6 24. Qxd5 Rd8 25. Qf3 Rd2 26. Rd1 Rxb2 27. Rh5 Qf6 28. Rf5 Qg7 29. Rd8+ Kh7 30. Rxf7 Rxg2+ 31. Qxg2 Rb1+ 32. Nf1 Qxf7 33. Qe4+ Qg6+ 34. Qxg6+ Kxg6 35. Ra8 Bxc3 36. Rxa6+ Kg5 37. Kg2 Rb2 38. h4+ Kxh4 39. Rxh6+ 1/2-1/2

[Event "Gatineau op"]
[Site "Gatineau CAN"]
[Date "2013.03.03"]
[Round "4"]
[White "Lebrun, Roger"]
[Black "Tomalty, Alan"]
[Result "1-0"]
[WhiteElo "1924"]
[BlackElo "1767"]
[PlyCount "101"]
[GameId "2160767909381494"]
[EventDate "2013.03.01"]
[EventType "swiss"]
[EventRounds "5"]
[EventCountry "CAN"]
[SourceTitle "EXT 2022"]
[Source "ChessBase"]
[SourceDate "2021.10.06"]
[SourceVersion "1"]
[SourceVersionDate "2021.10.06"]
[SourceQuality "1"]

1. e4 e5 2. Nf3 Nf6 3. Nc3 Bb4 4. d3 Nc6 5. Be2 d5 6. exd5 Nxd5 7. Bd2 O-O 8. a3 Nxc3 9. Bxc3 Bxc3+ 10. bxc3 Bg4 11. h3 Bh5 12. O-O Qf6 13. Nd2 Bxe2 14. Qxe2 Rfe8 15. Rab1 Rab8 16. Rfe1 Kf8 17. Ne4 Qe7 18. a4 a6 19. Qf3 Kg8 20. Qf5 Qe6 21. Qxe6 fxe6 22. Nc5 b6 23. Nd7 Rbd8 24. Nxe5 Nxe5 25. Rxe5 Rd5 26. Rbe1 Kf7 27. Kf1 Re7 28. R1e4 Kf6 29. f4 c6 30. c4 Rxe5 31. Rxe5 h6 32. h4 Rd7 33. Ke2 g6 34. g4 Rd8 35. Ke3 Rd7 36. Ke4 Rd8 37. h5 g5 38. fxg5+ hxg5 39. d4 Rc8 40. Kd3 Rd8 41. c3 Rd7 42. Re2 Rd8 43. Rb2 Rb8 44. a5 b5 45. cxb5 axb5 46. a6 Ra8 47. Rf2+ Kg7 48. Ra2 Kf6 49. Ke4 Ra7 50. Ra1 Ke7 51. Ke5 1-0

[Event "Gatineau op"]
[Site "Gatineau CAN"]
[Date "2013.03.03"]
[Round "4"]
[White "Libersan, Thierry"]
[Black "Jobin, Gilles G"]
[Result "1-0"]
[WhiteElo "2113"]
[BlackElo "2018"]
[PlyCount "95"]
[GameId "2160767909381495"]
[EventDate "2013.03.01"]
[EventType "swiss"]
[EventRounds "5"]
[EventCountry "CAN"]
[SourceTitle "EXT 2022"]
[Source "ChessBase"]
[SourceDate "2021.10.06"]
[SourceVersion "1"]
[SourceVersionDate "2021.10.06"]
[SourceQuality "1"]

1. e4 e5 2. Nf3 Nc6 3. Bb5 Nd4 4. Bc4 Nxf3+ 5. Qxf3 Qf6 6. Qg3 Bc5 7. Nc3 c6 8. d3 h6 9. f4 Bd4 10. Nd1 exf4 11. Bxf4 g5 12. Bd6 Qg6 13. c3 Bg7 14. O-O f6 15. Ne3 Ne7 16. Rae1 b5 17. Bb3 Bf8 18. Ng4 Bg7 19. Ne3 Bf8 20. e5 f5 21. Bxe7 Bxe7 22. Nxf5 Rf8 23. Nd6+ Kd8 24. Rxf8+ Bxf8 25. h4 Kc7 26. Bf7 Qh7 27. hxg5 hxg5 28. d4 Qh4 29. Qxh4 gxh4 30. Nf5 b4 31. Nxh4 bxc3 32. bxc3 Bh6 33. Nf3 Ba6 34. e6 dxe6 35. Rxe6 Bf4 36. Kf2 Rb8 37. Ne5 Bxe5 38. dxe5 Rb2+ 39. Kf3 Kd7 40. Rd6+ Ke7 41. Bb3 Bb7 42. g4 c5+ 43. Ke3 Rg2 44. Rg6 Rg3+ 45. Kf4 Rf3+ 46. Kg5 Be4 47. Rg7+ Kd8 48. e6 1-0

[Event "Gatineau op"]
[Site "Gatineau CAN"]
[Date "2013.03.03"]
[Round "4"]
[White "Oussedik, Elias"]
[Black "Dunne, Francesco"]
[Result "1-0"]
[WhiteElo "2253"]
[BlackElo "1859"]
[PlyCount "52"]
[GameId "2160767909381496"]
[EventDate "2013.03.01"]
[EventType "swiss"]
[EventRounds "5"]
[EventCountry "CAN"]
[SourceTitle "EXT 2022"]
[Source "ChessBase"]
[SourceDate "2021.10.06"]
[SourceVersion "1"]
[SourceVersionDate "2021.10.06"]
[SourceQuality "1"]

1. d4 Nf6 2. c4 g6 3. Nc3 Bg7 4. e4 d6 5. Nf3 O-O 6. h3 e5 7. d5 a5 8. Bg5 Na6 9. Be2 Nc5 10. Nd2 h6 11. Be3 b6 12. g4 Ne8 13. Rg1 Kh7 14. Qc2 Qd7 15. h4 Bb7 16. h5 g5 17. Nf1 c6 18. Ng3 Bf6 19. Kf1 Nc7 20. Rd1 Rac8 21. Nf5 Ba6 22. Kg2 b5 23. dxc6 Qxc6 24. cxb5 Nxb5 25. Nxb5 Bxb5 26. Bxb5 Qxb5 1-0

[Event "Gatineau op"]
[Site "Gatineau CAN"]
[Date "2013.03.03"]
[Round "4"]
[White "Yang, Ryan2"]
[Black "Sadeghi, Saeid"]
[Result "1-0"]
[WhiteElo "1866"]
[BlackElo "2026"]
[PlyCount "105"]
[GameId "2160767909381497"]
[EventDate "2013.03.01"]
[EventType "swiss"]
[EventRounds "5"]
[EventCountry "CAN"]

1. c4 Nf6 2. Nc3 g6 3. Nf3 c5 4. g3 Nc6 5. Bg2 Bg7 6. O-O O-O 7. d4 cxd4 8. Nxd4 Qb6 9. Nxc6 bxc6 10. Qc2 Bb7 11. Be3 Qc7 12. Rfd1 d5 13. Rac1 Qa5 14. b4 Qd8 15. cxd5 Nxd5 16. Nxd5 cxd5 17. Qc7 Qb8 18. Qxe7 Re8 19. Qc7 Be5 20. Qa5 d4 21. Bxb7 Qxb7 22. Bh6 Qe4 23. e3 d3 24. Qa3 Red8 25. Rd2 Rab8 26. Qxa7 Qxb4 27. Rcd1 Bg7 28. Bxg7 Kxg7 29. Qa6 Ra8 30. Qc6 Rac8 31. Qf3 Qa3 32. Qe4 Kg8 33. Rxd3 Rxd3 34. Qxd3 Qxa2 35. Qb1 Qe2 36. Qd3 Qb2 37. Rb1 Rc1+ 38. Rxc1 Qxc1+ 39. Kg2 Qb2 40. Qd8+ Kg7 41. Qd4+ Qxd4 42. exd4 Kf6 43. Kf3 Ke6 44. Ke4 f5+ 45. Kd3 Kd5 46. h4 f4 47. gxf4 h6 48. Ke3 Kd6 49. Ke4 Ke6 50. d5+ Kf6 51. f5 gxf5+ 52. Kf4 Kg6 53. Ke5 1-0

[Event "Gatineau op"]
[Site "Gatineau CAN"]
[Date "2013.03.03"]
[Round "4"]
[White "Zhou, Qiyu"]
[Black "Pacey, Kevin"]
[Result "0-1"]
[WhiteElo "2130"]
[BlackElo "2208"]
[PlyCount "164"]
[GameId "2160767909381498"]
[EventDate "2013.03.01"]
[EventType "swiss"]
[EventRounds "5"]
[EventCountry "CAN"]
[SourceTitle "EXT 2022"]
[Source "ChessBase"]
[SourceDate "2021.10.06"]
[SourceVersion "1"]
[SourceVersionDate "2021.10.06"]
[SourceQuality "1"]

1. e4 c6 2. d4 d5 3. exd5 cxd5 4. Bd3 Nc6 5. c3 Nf6 6. Bf4 g6 7. Nf3 Bg7 8. O-O O-O 9. Qd2 Bg4 10. Ne5 Qc8 11. Nxg4 Qxg4 12. h3 Qd7 13. Na3 a6 14. Nc2 b5 15. a4 Qb7 16. b4 Ne4 17. Bxe4 dxe4 18. Qe2 e5 19. dxe5 Nxe5 20. Bxe5 Bxe5 21. Nd4 Bxd4 22. cxd4 Rac8 23. axb5 axb5 24. Rfc1 Qd5 25. Rc5 Qxd4 26. Rd1 Qxb4 27. Rxb5 Qc4 28. Qxc4 Rxc4 29. Re5 Rb8 30. Rd2 Rb7 31. g4 h6 32. Kg2 Kg7 33. Ra5 Rc3 34. Re5 Rc4 35. Ra5 Re7 36. Re2 Rc3 37. Rb5 Kf6 38. Rb4 e3 39. Rf4+ Kg7 40. Rf3 exf2 41. Rexf2 Rxf3 42. Rxf3 Re5 43. Kg3 f5 44. Ra3 Kf6 45. Ra6+ Re6 46. Ra3 Rd6 47. Rb3 h5 48. gxf5 gxf5 49. Re3 Rd4 50. Ra3 Kg5 51. Rb3 Re4 52. Kf3 Rf4+ 53. Ke3 Ra4 54. Kf3 Ra1 55. Rb8 Ra3+ 56. Kg2 h4 57. Rg8+ Kf4 58. Rf8 Ra2+ 59. Kf1 Ke4 60. Kg1 f4 61. Rh8 Ke3 62. Re8+ Kf3 63. Rg8 Ra1+ 64. Kh2 Ke3 65. Re8+ Kf2 66. Rb8 Ra2 67. Re8 f3 68. Re4 Kf1+ 69. Kh1 f2 70. Rb4 Ke2 71. Rb1 Ra3 72. Rb2+ Kf3 73. Rb1 Re3 74. Kh2 Re1 75. Rxe1 fxe1=N 76. Kh1 Kg3 77. Kg1 Nd3 78. Kh1 Nf2+ 79. Kg1 Nxh3+ 80. Kh1 Nf2+ 81. Kg1 h3 82. Kf1 h2 0-1

[Event "Gatineau op"]
[Site "Gatineau CAN"]
[Date "2013.03.03"]
[Round "5"]
[White "Donev, Danail"]
[Black "Lavergne, Daniel"]
[Result "1-0"]
[WhiteElo "2070"]
[BlackElo "1683"]
[PlyCount "75"]
[GameId "2160767909381499"]
[EventDate "2013.03.01"]
[EventType "swiss"]
[EventRounds "5"]
[EventCountry "CAN"]
[SourceTitle "EXT 2022"]
[Source "ChessBase"]
[SourceDate "2021.10.06"]
[SourceVersion "1"]
[SourceVersionDate "2021.10.06"]
[SourceQuality "1"]

1. e4 e5 2. Nf3 Nc6 3. d4 exd4 4. Nxd4 Qf6 5. Nxc6 Bc5 6. Qe2 dxc6 7. Nc3 Ne7 8. Be3 Bxe3 9. Qxe3 Be6 10. O-O-O Ng6 11. g3 Bg4 12. Be2 Bxe2 13. Qxe2 Rd8 14. Rxd8+ Qxd8 15. Qg4 h5 16. Qf5 Qd7 17. Qa5 b6 18. Qxa7 O-O 19. Rd1 Qe7 20. Qa4 b5 21. Qd4 b4 22. Ne2 Ra8 23. Kb1 Ne5 24. h4 c5 25. Qd5 c6 26. Qd6 Qa7 27. Nc1 Nf3 28. Qxc6 Nd4 29. Qd5 Nb5 30. e5 Nc3+ 31. bxc3 bxc3 32. e6 Rb8+ 33. Nb3 Qa3 34. exf7+ Kf8 35. Qd6+ Kxf7 36. Qf4+ Kg6 37. Qe4+ Kh6 38. Rd6+ 1-0

[Event "Gatineau op"]
[Site "Gatineau CAN"]
[Date "2013.03.03"]
[Round "5"]
[White "Doubleday, William"]
[Black "Zhou, Qiyu"]
[Result "0-1"]
[WhiteElo "2025"]
[BlackElo "2130"]
[PlyCount "62"]
[GameId "2160767909381500"]
[EventDate "2013.03.01"]
[EventType "swiss"]
[EventRounds "5"]
[EventCountry "CAN"]
[SourceTitle "EXT 2022"]
[Source "ChessBase"]
[SourceDate "2021.10.06"]
[SourceVersion "1"]
[SourceVersionDate "2021.10.06"]
[SourceQuality "1"]

1. d4 Nf6 2. c4 e6 3. g3 d5 4. Bg2 Be7 5. Nf3 O-O 6. O-O dxc4 7. Qa4 a6 8. Qxc4 b5 9. Qc2 Bb7 10. Nc3 Nbd7 11. a3 c5 12. dxc5 Bxc5 13. b4 Ba7 14. Bb2 Qe7 15. Rac1 Rac8 16. Qb3 Nb6 17. Ne5 h6 18. Nb1 Bxg2 19. Kxg2 Qb7+ 20. Kg1 Nfd7 21. Nd2 Nxe5 22. Bxe5 Rfd8 23. Rxc8 Rxc8 24. Bb2 Rc7 25. Rc1 Rd7 26. Qc3 f6 27. e3 Kf7 28. Qc2 Qd5 29. Nb3 Nc4 30. Na5 Nxe3 31. Qc6 Qd1+ 0-1

[Event "Gatineau op"]
[Site "Gatineau CAN"]
[Date "2013.03.03"]
[Round "5"]
[White "Dunne, Francesco"]
[Black "Cova, Ramon"]
[Result "0-1"]
[WhiteElo "1859"]
[BlackElo "2075"]
[PlyCount "84"]
[GameId "2160767909381501"]
[EventDate "2013.03.01"]
[EventType "swiss"]
[EventRounds "5"]
[EventCountry "CAN"]
[SourceTitle "EXT 2022"]
[Source "ChessBase"]
[SourceDate "2021.10.06"]
[SourceVersion "1"]
[SourceVersionDate "2021.10.06"]
[SourceQuality "1"]

1. e4 Nf6 2. Nc3 d5 3. e5 Ne4 4. Nce2 Nc5 5. d4 Ne6 6. f4 g6 7. Nf3 c5 8. Be3 Nd7 9. Qd2 b6 10. Ng3 Ng7 11. Bb5 e6 12. Bc6 Rb8 13. c4 Bb7 14. cxd5 exd5 15. Ba4 Be7 16. f5 gxf5 17. e6 fxe6 18. Ne5 Bc8 19. Nc6 Qc7 20. Nxb8 Qxb8 21. Bh6 O-O 22. Qe2 Nf6 23. Bxg7 Kxg7 24. Nxf5+ Kf7 25. Nxe7 Kxe7 26. Qe5 Qxe5+ 27. dxe5 Ng4 28. Rf1 Rxf1+ 29. Kxf1 Ba6+ 30. Kg1 Nxe5 31. Bc2 Bd3 32. Bxd3 Nxd3 33. b3 e5 34. Kf1 Ke6 35. Ke2 e4 36. Rf1 Nb4 37. g4 Nxa2 38. g5 Nc3+ 39. Kd2 d4 40. h4 e3+ 41. Kd3 e2 42. Rf6+ Ke7 0-1

[Event "Gatineau op"]
[Site "Gatineau CAN"]
[Date "2013.03.03"]
[Round "5"]
[White "Guimond, Michel"]
[Black "Martin, Spencer"]
[Result "1/2-1/2"]
[WhiteElo "1941"]
[BlackElo "1955"]
[PlyCount "64"]
[GameId "2160767909381502"]
[EventDate "2013.03.01"]
[EventType "swiss"]
[EventRounds "5"]
[EventCountry "CAN"]
[SourceTitle "EXT 2022"]
[Source "ChessBase"]
[SourceDate "2021.10.06"]
[SourceVersion "1"]
[SourceVersionDate "2021.10.06"]
[SourceQuality "1"]

1. e4 e6 2. d3 d5 3. Nd2 c5 4. Ngf3 Nc6 5. g3 Nge7 6. Bg2 Ng6 7. O-O Bd6 8. Re1 d4 9. a4 e5 10. Nc4 h5 11. h3 f6 12. Bd2 Be6 13. Nxd6+ Qxd6 14. Qe2 a5 15. Nh2 Qd7 16. Qf1 Nge7 17. f4 exf4 18. gxf4 g6 19. Nf3 O-O-O 20. e5 f5 21. Ng5 Nd5 22. Qf3 Rhe8 23. Qd1 Nc7 24. Rf1 Bd5 25. Bxd5 Qxd5 26. Qf3 Re7 27. Qxd5 Rxd5 28. Rae1 Ne6 29. Nf3 Nb4 30. Rc1 Na2 31. Ra1 Nb4 32. Rac1 Na2 1/2-1/2

[Event "Gatineau op"]
[Site "Gatineau CAN"]
[Date "2013.03.03"]
[Round "5"]
[White "Jobin, Gilles G"]
[Black "Sun, Mike"]
[Result "0-1"]
[WhiteElo "2018"]
[BlackElo "2120"]
[PlyCount "64"]
[GameId "2160767909381503"]
[EventDate "2013.03.01"]
[EventType "swiss"]
[EventRounds "5"]
[EventCountry "CAN"]
[SourceTitle "EXT 2022"]
[Source "ChessBase"]
[SourceDate "2021.10.06"]
[SourceVersion "1"]
[SourceVersionDate "2021.10.06"]
[SourceQuality "1"]

1. Nf3 g6 2. g3 Bg7 3. Bg2 c5 4. d3 d5 5. O-O Nf6 6. Nbd2 Nc6 7. c3 O-O 8. e4 e6 9. Qe2 b6 10. Re1 Ba6 11. Rd1 Qc7 12. Ne1 Rad8 13. f4 dxe4 14. Nxe4 Nd5 15. Qf3 Bb7 16. Nc2 Rd7 17. Bh3 Rfd8 18. Ne1 h6 19. Qe2 Re7 20. Nf3 f5 21. Nf2 e5 22. fxe5 Nxe5 23. Nxe5 Rxe5 24. Qc2 Rde8 25. Bd2 Ne3 26. Bxe3 Rxe3 27. Bg2 Bxg2 28. Kxg2 Qc6+ 29. Kg1 Re2 30. Qb3+ Kh7 31. Rf1 Qf3 32. Qc4 Rxb2 0-1

[Event "Gatineau op"]
[Site "Gatineau CAN"]
[Date "2013.03.03"]
[Round "5"]
[White "Libersan, Mattieu"]
[Black "Bertrand, Daryl"]
[Result "1-0"]
[WhiteElo "1934"]
[BlackElo "2081"]
[PlyCount "47"]
[GameId "2160767909381505"]
[EventDate "2013.03.01"]
[EventType "swiss"]
[EventRounds "5"]
[EventCountry "CAN"]
[SourceTitle "EXT 2022"]
[Source "ChessBase"]
[SourceDate "2021.10.06"]
[SourceVersion "1"]
[SourceVersionDate "2021.10.06"]
[SourceQuality "1"]

1. e4 e5 2. Nf3 Nc6 3. Bc4 Nf6 4. Ng5 d5 5. exd5 Nd4 6. c3 b5 7. Bf1 Nxd5 8. cxd4 Qxg5 9. Bxb5+ Kd8 10. O-O Bb7 11. Qf3 Rb8 12. d3 Nf4 13. Bxf4 exf4 14. Bc6 Bxc6 15. Qxc6 Rxb2 16. Nc3 Rb6 17. Qa8+ Kd7 18. Ne4 Qh5 19. Rac1 Ba3 20. Qxh8 Rh6 21. h3 Rg6 22. Qxg7 Qf5 23. Qe5 Qxh3 24. Nf6+ 1-0

[Event "Gatineau op"]
[Site "Gatineau CAN"]
[Date "2013.03.03"]
[Round "5"]
[White "Libersan, Thierry"]
[Black "Bleau, John"]
[Result "1/2-1/2"]
[WhiteElo "2113"]
[BlackElo "1899"]
[PlyCount "109"]
[GameId "2160767909381506"]
[EventDate "2013.03.01"]
[EventType "swiss"]
[EventRounds "5"]
[EventCountry "CAN"]
[SourceTitle "EXT 2022"]
[Source "ChessBase"]
[SourceDate "2021.10.06"]
[SourceVersion "1"]
[SourceVersionDate "2021.10.06"]
[SourceQuality "1"]

1. e4 Nf6 2. e5 Nd5 3. d4 d6 4. exd6 cxd6 5. Nf3 g6 6. c4 Nf6 7. Nc3 Bg7 8. h3 O-O 9. Be2 d5 10. cxd5 Nxd5 11. O-O Nc6 12. Qb3 Be6 13. Qxb7 Nxd4 14. Nxd4 Bxd4 15. Bh6 Rb8 16. Qa6 Nb4 17. Qa4 Bd7 18. Qd1 Bg7 19. Bxg7 Kxg7 20. Qd4+ Kg8 21. Rad1 Be6 22. Qxa7 Qc8 23. Qxe7 Nxa2 24. Ne4 Rb7 25. Qg5 Qc7 26. Nf6+ Kg7 27. Nh5+ Kg8 28. Rd4 f5 29. Nf4 Bf7 30. Rfd1 Qe7 31. Qxe7 Rxe7 32. Bf3 Kg7 33. Rd7 Rfe8 34. Rxe7 Rxe7 35. h4 Nb4 36. g3 h6 37. Rd6 Re1+ 38. Kg2 Rb1 39. Rd2 Kf6 40. Ne2 g5 41. Nc3 Re1 42. Rd4 Nc2 43. Rd6+ Re6 44. hxg5+ hxg5 45. Rxe6+ Bxe6 46. Kf1 Nd4 47. Bd5 Bxd5 48. Nxd5+ Ke5 49. Nc3 f4 50. Ke1 fxg3 51. fxg3 Nf5 52. Kf2 g4 53. Nd1 Kd4 54. b4 Nxg3 55. Kxg3 1/2-1/2

[Event "Gatineau op"]
[Site "Gatineau CAN"]
[Date "2013.03.03"]
[Round "5"]
[White "Pacey, Kevin"]
[Black "Hambleton, Aman"]
[Result "0-1"]
[WhiteElo "2208"]
[BlackElo "2584"]
[PlyCount "130"]
[GameId "2160767909381508"]
[EventDate "2013.03.01"]
[EventType "swiss"]
[EventRounds "5"]
[EventCountry "CAN"]
[SourceTitle "EXT 2022"]
[Source "ChessBase"]
[SourceDate "2021.10.06"]
[SourceVersion "1"]
[SourceVersionDate "2021.10.06"]
[SourceQuality "1"]

1. e4 b6 2. d4 Bb7 3. Bd3 Nf6 4. Qe2 Nc6 5. c3 e5 6. d5 Ne7 7. Nf3 Ng6 8. h4 h5 9. Bg5 c6 10. c4 Be7 11. Nc3 Ng4 12. g3 a6 13. O-O Bxg5 14. Nxg5 O-O 15. Nd1 cxd5 16. cxd5 f6 17. Nf3 Ne7 18. Ne3 Nh6 19. Nd2 g6 20. Nec4 Nf7 21. a4 Bc8 22. Rfc1 d6 23. Rc2 Kg7 24. b4 g5 25. hxg5 Nxg5 26. Qe3 Rb8 27. f4 Nf7 28. fxe5 fxe5 29. Rf1 Ng6 30. Nf3 Bh3 31. Rff2 Bd7 32. Nb2 b5 33. a5 Rb7 34. Rh2 Bg4 35. Nh4 Nxh4 36. gxh4 Nh8 37. Be2 Ng6 38. Bxg4 hxg4 39. Rcg2 Qf6 40. Qe2 Rc7 41. Nd3 Rc2 42. Qd1 Rxg2+ 43. Rxg2 Qxh4 44. Rxg4 Qh3 45. Nf2 Qe3 46. Qc2 Kh6 47. Kf1 Qh3+ 48. Kg1 Rxf2 49. Rxg6+ Kxg6 50. Qxf2 Qg4+ 51. Kf1 Qxe4 52. Qb6 Qc4+ 53. Kf2 Qf4+ 54. Kg2 e4 55. Qxa6 e3 56. Qxb5 Qe4+ 57. Kf1 Qf3+ 58. Kg1 e2 59. Qe8+ Kg5 60. Qe7+ Kg4 61. Qe6+ Kf4 62. Qxd6+ Ke4 63. Qg6+ Kd4 64. Qb6+ Kd3 65. Qa6+ Kd2 0-1

[Event "Gatineau op"]
[Site "Gatineau CAN"]
[Date "2013.03.03"]
[Round "5"]
[White "Potvin, Daniel"]
[Black "Adriaanse, Adam"]
[Result "0-1"]
[WhiteElo "1684"]
[BlackElo "1907"]
[PlyCount "80"]
[GameId "2160767909381509"]
[EventDate "2013.03.01"]
[EventType "swiss"]
[EventRounds "5"]
[EventCountry "CAN"]
[SourceTitle "EXT 2022"]
[Source "ChessBase"]
[SourceDate "2021.10.06"]
[SourceVersion "1"]
[SourceVersionDate "2021.10.06"]
[SourceQuality "1"]

1. b3 d5 2. Bb2 Nc6 3. e3 e5 4. Bb5 Bd6 5. Nf3 f6 6. Bxc6+ bxc6 7. d3 Ne7 8. Nbd2 O-O 9. O-O Bg4 10. Qc1 Ng6 11. c4 Qe7 12. Qc2 f5 13. c5 Bxc5 14. Nxe5 Nxe5 15. Bxe5 Bxe3 16. Bxg7 Bxf2+ 17. Rxf2 Qxg7 18. Rc1 Rf6 19. Nf3 Re6 20. Nd4 Qxd4 21. h3 Re2 22. Qc5 Qxf2+ 23. Qxf2 Rxf2 24. Kxf2 Bh5 25. Rxc6 Re8 26. Ra6 Re2+ 27. Kg3 Bg6 28. Rxa7 c6 29. Kf3 Rd2 30. Kf4 Rxd3 31. Rb7 Kf8 32. Kg5 Rg3+ 33. Kf6 Rxg2 34. Rb8+ Be8 35. Kxf5 Rxa2 36. Kf4 Ra7 37. h4 Ra5 38. Kg5 d4+ 39. Kf6 Rd5 40. Rb7 Rd7 0-1

[Event "Gatineau op"]
[Site "Gatineau CAN"]
[Date "2013.03.03"]
[Round "5"]
[White "Sadeghi, Saeid"]
[Black "Scantland, Patrick"]
[Result "1-0"]
[WhiteElo "2026"]
[BlackElo "1837"]
[PlyCount "139"]
[GameId "2160767909381510"]
[EventDate "2013.03.01"]
[EventType "swiss"]
[EventRounds "5"]
[EventCountry "CAN"]
[SourceTitle "EXT 2022"]
[Source "ChessBase"]
[SourceDate "2021.10.06"]
[SourceVersion "1"]
[SourceVersionDate "2021.10.06"]
[SourceQuality "1"]

1. d4 Nf6 2. Nf3 e6 3. c4 b6 4. Nc3 Bb7 5. Bg5 Be7 6. e3 h6 7. Bf4 O-O 8. Bd3 d5 9. cxd5 exd5 10. Rc1 c6 11. Bb1 Nbd7 12. Ne5 Nxe5 13. dxe5 Ne4 14. Nxe4 dxe4 15. Bxe4 Bb4+ 16. Ke2 Qe8 17. Qa4 a5 18. Bxc6 Ba6+ 19. Kf3 Qe6 20. Qb3 Qf5 21. g4 Qg6 22. Be4 Be2+ 23. Kxe2 Qxe4 24. f3 Qb7 25. Rhd1 Rad8 26. Rxd8 Rxd8 27. Rd1 Rc8 28. a3 Qa6+ 29. Kf2 Bc5 30. e6 fxe6 31. Qxe6+ Kh8 32. Bxh6 Bf8 33. Bxg7+ Bxg7 34. Qb3 Qb7 35. Rd2 Qc7 36. Kg2 Rf8 37. Qd5 Rf6 38. Qd8+ Qxd8 39. Rxd8+ Kh7 40. f4 Rc6 41. Rd2 Rc1 42. e4 Bf8 43. e5 Bc5 44. Kf3 Kg6 45. h4 Rf1+ 46. Kg3 Rg1+ 47. Rg2 Re1 48. f5+ Kf7 49. e6+ Kf6 50. Kf3 Rf1+ 51. Ke4 Re1+ 52. Kd5 Rd1+ 53. Kc6 Rc1 54. Kb5 Rh1 55. g5+ Kxf5 56. g6 Bd4 57. e7 Re1 58. Rg5+ Kf4 59. g7 Bxg7 60. Rxg7 Kf5 61. Kxb6 Kf6 62. Rh7 Kg6 63. Rh8 Rxe7 64. Kxa5 Rb7 65. Rg8+ Kh7 66. Rg2 Rb3 67. Ka4 Rh3 68. b4 Rxh4 69. Ka5 Rh6 70. b5 1-0

[Event "Gatineau op"]
[Site "Gatineau CAN"]
[Date "2013.03.03"]
[Round "5"]
[White "Tomalty, Alan"]
[Black "Forget, David"]
[Result "0-1"]
[WhiteElo "1767"]
[BlackElo "1955"]
[PlyCount "51"]
[GameId "2160767909381511"]
[EventDate "2013.03.01"]
[EventType "swiss"]
[EventRounds "5"]
[EventCountry "CAN"]
[SourceTitle "EXT 2022"]
[Source "ChessBase"]
[SourceDate "2021.10.06"]
[SourceVersion "1"]
[SourceVersionDate "2021.10.06"]
[SourceQuality "1"]

1. d4 d5 2. c4 e6 3. Nf3 c5 4. cxd5 exd5 5. Nc3 Nc6 6. dxc5 d4 7. Ne4 Qd5 8. Nd6+ Bxd6 9. cxd6 Qxd6 10. g3 Nf6 11. Bg2 O-O 12. O-O Bf5 13. a3 Rad8 14. Bf4 Qe7 15. Re1 h6 16. Qa4 Ne5 17. Bd2 Nc6 18. Qb3 Be6 19. Qd1 Qc7 20. Qc1 Rc8 21. Qd1 Rfd8 22. b3 Nd5 23. Qb1 Nf6 24. Qb2 Na5 25. e4 dxe3 26. Rxe3 0-1